Представление документа в формате RUSMARC

ПолеНазваниеЗначение
  Тип записи a
  Библиографический уровень m
001 Контрольный номер bbe13ae3c54c455691b438afaa93f309
005 Дата корректировки 20260121104631.4
010 Индекс ISBN __
a ISBN 978-5-16-016778-7
b Уточнения print
010 Индекс ISBN __
a ISBN 978-5-16-109488-4
b Уточнения onliae
d Цена 2557-67
100 Данные общей обработки __
a Данные общей обработки 20260121d2025####am#y0rusy50######ca
101 Язык документа 0_
a Язык текста rus
102 Страна публикации __
a Страна публикации RU
200 Заглавие и сведения об ответственности 1_
a Заглавие Кейсбук библиотечных проектов начала тысячетелетия
f Первые сведения об ответственности под редакцией О. М. Жаденова
210 Выходные данные 1_
a Место издания Москва
c Издательство ИНФРА-М
d Дата издания 2025
215 Физическое описание __
a Объем 147, [1] с.
320 Библиография __
a Библиография Люди, чьи имена украсили эту книгу: с. 147
330 Аннотация __
a Аннотация В сборнике собраны интересные идеи, продуктивные технологии и эффективные инструменты для реализации креативных идей и создания ресурсов для получения новых знаний в библиотеках.
333 Примечание о целевом назначении __
a Примечание о целевом назначении 16+
606 Тематические рубрики __
a Основная рубрика Библиотечное дело
606 Тематические рубрики __
a Основная рубрика Обслуживание пользователей
610 Ключевые слова 0_
a Ключевые слова библиотечные проекты
a Ключевые слова обслуживание читателей
a Ключевые слова библиотечные фестивали
a Ключевые слова библиотечные технологии
a Ключевые слова креативные идеи
a Ключевые слова библиотечные мероприятия
a Ключевые слова комиксы
a Ключевые слова косплей
a Ключевые слова гик-фестивали
a Ключевые слова тотальные диктанты
a Ключевые слова библионочи
a Ключевые слова поэтические мероприятия
686 Индексы других классификаций __
a Индекс ББК 78.374
702 Вторичная интеллектуальная ответственность _1
a Фамилия Жаденов
b Имя О. М.
g Полное личное имя Олег Михайлович
4 Код отношения 340
801 Источник записи _0
a Страна RU
b Организация Центральная районная библиотека им. Г. А. Пирожникова
c Дата составления 20260121
g Правила каталогизации bzbo
801 Источник записи _1
a Страна RU
b Организация Центральная районная библиотека им. Г. А. Пирожникова
c Дата составления 20260121
g Правила каталогизации bzbo
852 Данные о местонахождении __
i Авторский знак К 338
j Шифр хранения 78.374
901 Тип документа __
t Тип документа m
902 Роль лиц __
a Создатель БЗ ОКиО/Колмакова